000 00527nam a2200193 a 4500
001 1770288092303
003 YourLibrary
005 20260205161445.0
008 260205s2010##################000#0#eng##
020 _a9780812977615
082 0 4 _a305.896757
_bKID
100 1 _aKidder, Tracy,
_eauthor.
245 1 0 _aStrength in What Remains :
260 _bRandom House Trade Paperbacks,
_c2010.
300 _a306 pages
650 0 _aBiography & Autobiography.
942 _cENGLISH
040 _aYourLibrary
_beng
_cYourLibrary
999 _c610587
_d610587